LEADER 01080nam0-22003011i-450- 001 990000077920403321 005 20121129145336.0 035 $a000007792 035 $aFED01000007792 035 $a(Aleph)000007792FED01 035 $a000007792 100 $a20020821d1977----km-y0itay50------ba 101 0 $aita 105 $ay-------001yy 200 1 $aAppunti dalle lezioni di nozioni fondamentali di aerotecnica$eanno accademico 1976-77$eGruppo 3$eAerotecnica applicata alle infrastrutture$fRodolfo Monti. 210 $a$cScuola di specializzazione per le infrastrutture aeronautiche$d<1977> 215 $a90 p.$cill.$d30 cm 300 $aDispense didattiche della Scuola di specializzazione per le infrastrutture aeronautiche 610 0 $aAerotecnica 676 $a629.13 700 1$aMonti,$bRodolfo$f<1931- >$0332519 801 0$aIT$bUNINA$gRICA$2UNIMARC 901 $aBK 912 $a990000077920403321 952 $a13 X 100$b31575$fFINBC 959 $aFINBC 996 $aAppunti dalle lezioni di nozioni fondamentali di aerotecnica$9110229 997 $aUNINA LEADER 01112nam0 22002651i 450 001 UON00323406 005 20231205104149.961 010 $a978-05-217-2950-5 100 $a20090505d2009 |0itac50 ba 101 $aeng 102 $aGB 105 $a|||| ||||| 200 1 $aFrom the Soviet bloc to the European Union$ethe economic and social transformation of Central and Eastern Europe since 1973$fIvan T. Berend 210 $aCambridge [etc.]$cCambridge University Press$d2009 215 $aXV, 299 p.$d25 cm. 606 $aEuropa orientale$xCondizioni economiche$x1989-$3UONC072159$2FI 620 $dCambridge$3UONL000022 700 1$aBerend$bIvan T.$3UONV109809$0374956 712 $aCambridge University Press$3UONV245943$4650 801 $aIT$bSOL$c20250905$gRICA 899 $aSIBA - SISTEMA BIBLIOTECARIO DI ATENEO$2UONSI 912 $aUON00323406 950 $aSIBA - SISTEMA BIBLIOTECARIO DI ATENEO$dSI G B 0002 $eSI SC 45475 5 0002 $sBuono 996 $aFrom the Soviet bloc to the European Union$9851153 997 $aUNIOR